Foundations of local self-government in India, Pakistan and Burma (Record no. 611)

MARC details
000 -LEADER
fixed length control field 00549cam a2200181ua 4500
008 - FIXED-LENGTH DATA ELEMENTS--GENERAL INFORMATION
fixed length control field 110412n ii |||gr||||Z||||||eng
040 ## - CATALOGING SOURCE
Transcribing agency MAIN
082 ## - DEWEY DECIMAL CLASSIFICATION NUMBER
Classification number 352.054
245 1# - TITLE STATEMENT
Title Foundations of local self-government in India, Pakistan and Burma
Statement of responsibility, etc. by Hugh Tinker
250 ## - EDITION STATEMENT
Edition statement 1st.
260 ## - PUBLICATION, DISTRIBUTION, ETC.
Place of publication, distribution, etc. Calcutta:
Name of publisher, distributor, etc. Lalvani publishing house,967.
300 ## - PHYSICAL DESCRIPTION
Extent xvi, 376.:
Dimensions 25cm.
700 ## - ADDED ENTRY--PERSONAL NAME
Personal name Tinker, Hugh.,
Relator term
942 ## - ADDED ENTRY ELEMENTS (KOHA)
Koha item type Books
653 ## - INDEX TERM--UNCONTROLLED
Uncontrolled term Political science
653 ## - INDEX TERM--UNCONTROLLED
Uncontrolled term Foundations of local self- government in India, pakistan and Burma
Holdings
Withdrawn status Lost status Damaged status Not for loan Home library Current library Shelving location Date acquired Total Checkouts Full call number Barcode Date last seen Copy number Price effective from Koha item type
        Central Library, Naharkatiya College Central Library, Naharkatiya College   19/09/2020   352.054 | TIN 131 19/09/2020 1 19/09/2020 Books
        Central Library, Naharkatiya College Central Library, Naharkatiya College   19/09/2020   352.054 | TIN 132 19/09/2020 2 19/09/2020 Books

Naharkatiya College © 2020. All rights reserved.

Powered By